South Eastern Kenya University

Library Online Public Access Catalogue


How Europe underdeveloped Africa / (Record no. 3298)

MARC details
000 -LEADER
fixed length control field 00431cam a2200145 a 4500
020 ## - ISBN
International Standard Book Number 9789966251138
050 00 - LIBRARY OF CONGRESS CALL NUMBER
Classification Number HC502
Item Number .R6 1972
100 1# - MAIN ENTRY--Author
Personal name Rodney, Walter.
245 10 - TITLE
Title How Europe underdeveloped Africa /
Statement of responsibility, etc by Walter Rodney with a postscript by A.M. Babu.
250 ## - EDITIONSTATEMENT
Edition statement Rev. ed.
260 ## - PUBLICATION, DISTRIBUTION, ETC.(IMPRINT)
Place of publication, distribution, etc Washington, D.C. :
Name of publisher, distributor, etc Howard University Press,
Date of publication, distribution, etc 1972.
300 ## - PHYSICAL DESCRIPTION
Extent xxiv, 312 p. ;
500 ## - GENERALNOTE
General note Title page dated 1982.
942 ## - ADDED ENTRY ELEMENTS(KOHA)
Koha item type General circulation
Holdings
Source of classification or shelving scheme Not for loan Location (home branch) Sublocation (holding branch) Date accessioned Source of acquisition Full call number Barcode Koha item type
Library of Congress Classification   Main Campus Library Main Campus Library 25/06/2020 Donation HC502 .R6 1972 2017/020072 General circulation
Kitui, Kenya.
+254736116989
library@seku.ac.ke